Analytical chemistry of sulfur and its compound. Part II (Record no. 25664)

MARC details
000 -LEADER
fixed length control field 00300nam a2200109Ia 4500
082 ## - DEWEY DECIMAL CLASSIFICATION NUMBER
Classification number 543:546.22
Item number KAR
245 #0 - TITLE STATEMENT
Title Analytical chemistry of sulfur and its compound. Part II
260 ## - PUBLICATION, DISTRIBUTION, ETC. (IMPRINT)
Place of publication New York
Name of publisher Wiley
Year of publication 1972
700 ## - ADDED ENTRY--PERSONAL NAME
Personal name Karchmer, J H
942 ## - ADDED ENTRY ELEMENTS (KOHA)
Koha item type Books
Holdings
Withdrawn status Lost status Damaged status Not for loan Home library Current library Date acquired Cost, normal purchase price Full call number Accession Number Koha item type
        RRII Library RRII Library 16/12/2021 52.00 543:546.22 KAR 06316 Books